ARRUPE JESUIT UNIVERSITY

CORONAVIRUS -STOP THE SPREAD - CLEAN,DISINFECT,COVER

The people's right to the novel; (Record no. 131644)

MARC details
000 -LEADER
fixed length control field 00723nam a22001937a 4500
008 - FIXED-LENGTH DATA ELEMENTS--GENERAL INFORMATION
fixed length control field 230301b |||||||| |||| 00| 0 eng d
020 ## - INTERNATIONAL STANDARD BOOK NUMBER
International Standard Book Number 9780823262335.
050 ## - LIBRARY OF CONGRESS CALL NUMBER
Classification number PR9344.C68 2014
100 ## - MAIN ENTRY--PERSONAL NAME
Personal name Coundouriotis,Eleni
9 (RLIN) 33529
245 ## - TITLE STATEMENT
Title The people's right to the novel;
Remainder of title war fiction in the postcolony
Statement of responsibility, etc Eleni Coundouriotis.
260 ## - PUBLICATION, DISTRIBUTION, ETC. (IMPRINT)
Place of publication, distribution, etc New York:
Name of publisher, distributor, etc Fordham University Press
Date of publication, distribution, etc 2014.
300 ## - PHYSICAL DESCRIPTION
Extent xi;
Other physical details 335p.;
Dimensions 24cm.
650 ## - SUBJECT ADDED ENTRY--TOPICAL TERM
Topical term or geographic name as entry element African fiction(English)
Form subdivision history and criticism
9 (RLIN) 52198
650 ## - SUBJECT ADDED ENTRY--TOPICAL TERM
Topical term or geographic name as entry element African fiction(French)
Form subdivision history and criticism
9 (RLIN) 52199
650 ## - SUBJECT ADDED ENTRY--TOPICAL TERM
Topical term or geographic name as entry element War in literature
9 (RLIN) 4597
650 ## - SUBJECT ADDED ENTRY--TOPICAL TERM
Topical term or geographic name as entry element literature and society
Geographic subdivision Africa
9 (RLIN) 23919
650 ## - SUBJECT ADDED ENTRY--TOPICAL TERM
Topical term or geographic name as entry element Africa
General subdivision in literature
9 (RLIN) 33531
942 ## - ADDED ENTRY ELEMENTS (KOHA)
Source of classification or shelving scheme Library of Congress Classification
Item type Monograph ( Printed materials)
Holdings
Withdrawn status Lost status Source of classification or shelving scheme Damaged status Not for loan Home library Current library Shelving location Date acquired Total Checkouts Full call number Barcode Date last seen Price effective from Koha item type
    Library of Congress Classification     ARRUPE LIBRARY ARRUPE LIBRARY Main Collection 01/03/2023   PR9344.C68 2014 46700000224 01/03/2023 01/03/2023 Monograph ( Printed materials)

 

Arrupe Library. PO Box MP320 Mt Pleasant, Harare, Zimbabwe
263 242 745411|librarian@aju.ac.zw